000 00874nab a2200241 4500
003 BR-BrBNA
005 20241106120813.0
008 241106b bl.||||| |||| 00| 0 por d
040 _aBR-BrBNA
_bpor
072 _aE20 ; E16
_b0210
100 _aDeleo, João Paulo Bernardes
100 _aLegnaro, Álvaro
245 _aGestão de custos: o controle dos gastos é essencial para garantir a renda do bataticultor
500 _a5 illus.; 2 tables; 2 graphs
520 _aBOAS PRÁTICAS DE GESTÃO
650 _aBATATA
650 _aPROPRIEDADE RURAL
650 _aGESTÃO
650 _aCUSTO DE PRODUÇÃO
773 0 _04115
_9345301
_dPiracicaba-SP Centro de Estudos Avançados em Economia Aplicada-CEPEA/USP/ESALQ 2002
_o2024-5819
_tHortifruti Brasil (Brazil)
_x1981-1837
_gv. 6(62) p. 6-14; (Oct 2007)
_wBR2024002016
942 _cANA
999 _c328457
_d328457